Annual Report (1961-62) (Record no. 518659)

MARC details
000 -LEADER
fixed length control field 00621nam a2200205Ia 4500
003 - CONTROL NUMBER IDENTIFIER
control field OSt
005 - DATE AND TIME OF LATEST TRANSACTION
control field 20220925191458.0
008 - FIXED-LENGTH DATA ELEMENTS--GENERAL INFORMATION
fixed length control field 220923b |||||||| |||| 00| 0 eng d
037 ## - SOURCE OF ACQUISITION
Terms of availability General Book
040 ## - CATALOGING SOURCE
Original cataloging agency RTL
Transcribing agency RTL
Language of cataloging eng
041 ## - LANGUAGE CODE
Source of code eng
Language code of text/sound track or separate title eng
245 #0 - TITLE STATEMENT
Title Annual Report (1961-62)
260 ## - PUBLICATION, DISTRIBUTION, ETC.
Place of publication, distribution, etc. Bombay
Name of publisher, distributor, etc. New india fisheries Limited
Date of publication, distribution, etc. 1962
300 ## - PHYSICAL DESCRIPTION
Extent 1962(35p),1963(35p),1964(35p),1965(35p),1967(43p),1968(39p).
Dimensions cm.
942 ## - ADDED ENTRY ELEMENTS (KOHA)
Classification part X9(KZ322):8F.2.N62<---N61
Koha item type General Books
Source of classification or shelving scheme Colon Classification (CC)

No items available.

Copyright @ Delhi University Library System